[Event "55smm A Ehrenburg-Richter/Lask"]
[Site "?"]
[Date "2024.02.24"]
[Round "8.4"]
[White "Hengl, Philip"]
[Black "Buglisi, Massimo"]
[Result "1-0"]
[WhiteElo "1952"]
[BlackElo "1911"]
[PlyCount "89"]
[EventDate "2024.02.24"]

1. e4 d6 2. d4 Nf6 3. Bd3 e5 4. c3 d5 5. dxe5 Nxe4 6. Nf3 Nc6 7. Bf4 Bg4 8. h3
Bh5 9. O-O Nc5 10. Be2 Ne6 11. Bh2 Be7 12. Kh1 Bg6 13. Nd4 Qd7 14. a4 O-O 15.
Bg4 Rae8 16. f4 Ncxd4 17. cxd4 f5 18. Be2 Rd8 19. Nc3 a6 20. Bf3 c6 21. a5 Bb4
22. Ne2 Be8 23. Bg1 Qc7 24. Qa4 c5 25. Qb3 Bc6 26. Rfd1 Qe7 27. dxc5 Bxc5 28.
Bxd5 Rxd5 29. Rxd5 Bxd5 30. Qxd5 Bxg1 31. Rxg1 Rd8 32. Qb3 Kh8 33. Rd1 Nc5 34.
Rxd8+ Qxd8 35. Qf7 Qc8 36. Nd4 Ne4 37. Kh2 g6 38. Ne6 Qg8 39. Qe7 h6 40. Nd8
Qg7 41. Qe8+ Kh7 42. Ne6 Qg8 43. Qe7+ Kh8 44. h4 Qh7 45. Qf8+ 1-0

[Event "55smm A Ehrenburg-Richter/Lask"]
[Site "?"]
[Date "2024.02.24"]
[Round "8.5"]
[White "Pardeller, Arthur"]
[Black "Gruber, Alexander"]
[Result "1/2-1/2"]
[WhiteElo "1516"]
[BlackElo "1856"]
[PlyCount "90"]
[EventDate "2024.02.24"]

1. d4 d5 2. c4 e6 3. e3 Nf6 4. Nc3 b6 5. Nf3 Bb7 6. a3 Nbd7 7. cxd5 exd5 8. Be2
Bd6 9. b4 O-O 10. O-O Re8 11. Bd3 Ne4 12. Qc2 a6 13. Ne2 Rc8 14. Bb2 Ndf6 15.
h3 Qe7 16. Rfc1 h6 17. Nc3 Qe6 18. Qe2 Ra8 19. b5 a5 20. a4 Nh7 21. Ba3 Nhg5
22. Nxg5 Nxg5 23. Bxd6 Qxd6 24. Qc2 Re7 25. Ne2 Ne4 26. Nf4 Rd8 27. Be2 Qf6 28.
Bf3 Ng5 29. Bd1 Ne4 30. Qa2 Qd6 31. Bb3 g5 32. Nd3 f6 33. Qe2 Kg7 34. Qh5 Qe6
35. Ra2 Qf7 36. Bd1 Nd6 37. Rac2 Nc4 38. Nb2 Nxb2 39. Rxb2 Qxh5 40. Bxh5 f5 41.
Rbc2 Rdd7 42. g3 Kf6 43. Kg2 Kg7 44. Kf3 Kf6 45. Kg2 Kg7 1/2-1/2

[Event "55smm A Ehrenburg-Richter/Lask"]
[Site "?"]
[Date "2024.02.24"]
[Round "8.6"]
[White "Zambelli, Walter"]
[Black "Di Lazzaro, Gabriele"]
[Result "0-1"]
[WhiteElo "1346"]
[BlackElo "1814"]
[PlyCount "52"]
[EventDate "2024.02.24"]

1. e4 d5 2. exd5 Nf6 3. Nc3 Nxd5 4. Nge2 c6 5. d3 e5 6. Ne4 f5 7. N4c3 Bb4 8.
Bd2 Bc5 9. g3 O-O 10. Bg2 Be6 11. a3 a5 12. Na4 Ba7 13. b4 axb4 14. Bxb4 Nxb4
15. axb4 Nd7 16. d4 f4 17. Be4 Nf6 18. Bf3 Bd5 19. Bxd5+ Qxd5 20. O-O fxg3 21.
hxg3 Bxd4 22. Nxd4 exd4 23. Qd3 Rad8 24. Rad1 Ng4 25. Rd2 Ne5 26. Qe2 Nf3+ 0-1

[Event "55smm A Groden-Steinegg"]
[Site "?"]
[Date "2024.02.24"]
[Round "8.1"]
[White "Engl, Stefan"]
[Black "Moroder, Stephan"]
[Result "0-1"]
[WhiteElo "1992"]
[BlackElo "2155"]
[PlyCount "94"]
[EventDate "2024.02.24"]

1. e4 c5 2. Nc3 Nc6 3. f4 g6 4. Nf3 Bg7 5. Bb5 Nd4 6. O-O Nxb5 7. Nxb5 d5 8. e5
d4 9. c3 a6 10. Na3 b5 11. cxd4 cxd4 12. d3 Nh6 13. Nc2 Nf5 14. g4 Ne3 15. Bxe3
dxe3 16. Nxe3 h5 17. g5 Qb6 18. d4 O-O 19. Nd5 Qb7 20. Nc3 Rd8 21. Qe2 Bf5 22.
Rad1 Rac8 23. Rd2 Rc4 24. Qe3 Bg4 25. b3 Rc7 26. Ne4 Qd5 27. Kg2 Bc8 28. Nc5 f6
29. b4 fxg5 30. fxg5 a5 31. a3 axb4 32. axb4 Kh7 33. h3 Rf8 34. Kg3 Ra7 35.
Rdf2 Ra2 36. Rxa2 Qxa2 37. Rf2 Qb1 38. Qb3 Qf5 39. Rh2 Qf4+ 40. Kg2 h4 41. Ng1
Qxd4 42. Kh1 Rf1 43. Rg2 Qxe5 44. Qd3 Qf5 45. Qe2 Be5 46. Rg4 Rf2 47. Rxh4+ Kg7
0-1

[Event "55smm A Groden-Steinegg"]
[Site "?"]
[Date "2024.02.24"]
[Round "8.2"]
[White "Casadio, Niccolo"]
[Black "Engl, Alexander"]
[Result "0-1"]
[WhiteElo "2107"]
[BlackElo "1845"]
[PlyCount "116"]
[EventDate "2024.02.24"]

1. e4 e6 2. d4 d5 3. Nc3 Nf6 4. Bg5 Bb4 5. e5 h6 6. Bd2 Bxc3 7. bxc3 Ne4 8. Qg4
Kf8 9. Bd3 Nxd2 10. Kxd2 Qg5+ 11. Qxg5 hxg5 12. Ne2 c5 13. Ng1 Nc6 14. Ke3 f6
15. Bb5 Rh4 16. Bxc6 Re4+ 17. Kd2 bxc6 18. f3 Rh4 19. g3 Rh7 20. Rb1 Ba6 21.
Ne2 Kf7 22. f4 Rah8 23. h4 gxh4 24. g4 h3 25. dxc5 Rh4 26. Nd4 Rxg4 27. Nxc6
Rg2+ 28. Kc1 h2 29. Kb2 Bd3 30. Ka3 Be4 31. Rb7+ Kg6 32. Ne7+ Kh6 33. c6 d4 34.
Rd7 Rxc2 35. Rxh2+ Rxh2 36. c7 Bb7 37. Rd8 Kh7 38. Rb8 Ba6 39. cxd4 Rc2 40. Rb3
g5 41. exf6 g4 42. Rb1 g3 43. Rh1+ Rh2 44. Rg1 g2 45. f5 Rf8 46. fxe6 Rxf6 47.
c8=Q Bxc8 48. Nxc8 Rxe6 49. d5 Re8 50. Nd6 Rd8 51. Ne4 Kg6 52. Nc3 Kf5 53. Kb4
Kf4 54. Kc5 Rc8+ 55. Kd4 Kf3 56. Rd1 Rxc3 57. Kxc3 Rh1 58. Rd3+ Ke4 0-1

[Event "55smm A Groden-Steinegg"]
[Site "?"]
[Date "2024.02.24"]
[Round "8.3"]
[White "Lantschner, Carmen"]
[Black "Demetz, Rainer"]
[Result "0-1"]
[WhiteElo "1642"]
[BlackElo "2201"]
[PlyCount "64"]
[EventDate "2024.02.24"]

1. e4 e5 2. Nf3 d6 3. Nc3 Nf6 4. d4 Nbd7 5. Bc4 Be7 6. dxe5 dxe5 7. O-O O-O 8.
Be3 c6 9. a3 Qc7 10. Qe2 b5 11. Ba2 a5 12. Rfd1 Ba6 13. Nb1 Nxe4 14. Bb6 Nxb6
15. Qxe4 Bf6 16. Nbd2 Rad8 17. Nb3 Na4 18. Re1 Rfe8 19. Rab1 c5 20. c3 c4 21.
Nbd4 Rd6 22. Re3 g6 23. Ne2 Red8 24. Ng3 Bb7 25. Qg4 Rd1+ 26. Re1 Rxb1 27. Rxb1
Nc5 28. Re1 Bc8 29. Nh5 Bxg4 30. Nxf6+ Kg7 31. Nxg4 Nd3 32. Re3 h5 0-1

[Event "55smm A Groden-Steinegg"]
[Site "?"]
[Date "2024.02.24"]
[Round "8.4"]
[White "Bernardi, Ruben"]
[Black "Schgaguler, Guenther"]
[Result "1-0"]
[WhiteElo "2042"]
[BlackElo "1487"]
[PlyCount "81"]
[EventDate "2024.02.24"]

1. e4 e6 2. d4 d5 3. e5 c5 4. c3 Nc6 5. Nf3 Qb6 6. Bd3 cxd4 7. O-O Bd7 8. cxd4
Nxd4 9. Nbd2 Ne7 10. Nxd4 Qxd4 11. Nf3 Qb6 12. Be3 Qd8 13. Qb3 b6 14. Nd4 Nc6
15. Nxc6 Bxc6 16. Rac1 Bd7 17. f4 Be7 18. f5 exf5 19. Ba6 O-O 20. Bb7 Rb8 21.
Bxd5 Rc8 22. Bxf7+ Rxf7 23. e6 Bxe6 24. Qxe6 Ra8 25. Rxf5 Qe8 26. Re5 Kf8 27.
Re1 Rd8 28. g3 Rd6 29. Qxd6 Bxd6 30. Rxe8+ Kxe8 31. Bxb6+ Kf8 32. Re6 Bb4 33.
Be3 h6 34. a3 Ba5 35. Ra6 Bb6 36. Bxb6 axb6 37. Rxb6 Kg8 38. Kg2 Rd7 39. a4 Kf8
40. a5 Ra7 41. a6 1-0

[Event "55smm A Groden-Steinegg"]
[Site "?"]
[Date "2024.02.24"]
[Round "8.5"]
[White "Lantschner, Arnold"]
[Black "Moroder, Thomas"]
[Result "0-1"]
[WhiteElo "1331"]
[BlackElo "2012"]
[PlyCount "68"]
[EventDate "2024.02.24"]

1. e4 c5 2. Nc3 Nc6 3. Nf3 e6 4. Bc4 a6 5. a4 Nge7 6. d3 g6 7. O-O Bg7 8. Bd2
O-O 9. h3 d5 10. exd5 exd5 11. Bb3 h6 12. Qc1 Kh7 13. Ne2 b6 14. c4 Bb7 15.
cxd5 Nxd5 16. Bc4 Ndb4 17. Bxb4 Nxb4 18. Ne1 Re8 19. Nc3 Qf6 20. Nc2 Rad8 21.
Nxb4 cxb4 22. Nd1 Re2 23. Rb1 Rc8 24. Ne3 b5 25. axb5 axb5 26. Qd1 Rxe3 27.
fxe3 Qc6 28. e4 bxc4 29. Rc1 Qe6 30. Rc2 cxd3 31. Rxc8 Bxc8 32. Qxd3 Ba6 33.
Qc2 Bxf1 34. Kxf1 Qf6+ 0-1

[Event "55smm B Arci2-Lana"]
[Site "?"]
[Date "2024.02.24"]
[Round "8.4"]
[White "Agnoli, Tiziano"]
[Black "Mair, Christian Anton"]
[Result "1-0"]
[WhiteElo "1338"]
[BlackElo "1282"]
[PlyCount "86"]
[EventDate "2024.02.24"]

1. d4 e6 2. e4 d5 3. e5 c5 4. c3 cxd4 5. cxd4 Bb4+ 6. Bd2 Bxd2+ 7. Qxd2 Ne7 8.
Bd3 Nbc6 9. Nf3 h6 10. Nc3 a6 11. a3 Bd7 12. b4 Rc8 13. O-O O-O 14. Rfc1 Kh8
15. Bc2 f6 16. Qd3 f5 17. Ba4 b5 18. Bd1 Be8 19. Ne2 Ng6 20. Qd2 Bf7 21. a4 Nh4
22. Nxh4 Qxh4 23. g3 Qe7 24. Rc5 Qb7 25. a5 Ne7 26. Rac1 Rxc5 27. Rxc5 Rc8 28.
Qc1 g5 29. h4 f4 30. hxg5 hxg5 31. gxf4 gxf4 32. Qxf4 Rg8+ 33. Kf1 Nf5 34. Bc2
Bg6 35. Bxf5 Bxf5 36. Ng3 Rg4 37. Qh6+ Qh7 38. Qf6+ Qg7 39. Nxf5 exf5 40. Qxg7+
Kxg7 41. Rxd5 f4 42. Ke2 Kf7 43. Rd6 Rg6 1-0

[Event "55smm B Arci3-Klausen2"]
[Site "?"]
[Date "2024.02.24"]
[Round "8.4"]
[White "Addante, Francesco"]
[Black "Rabanser, Harald"]
[Result "1-0"]
[WhiteElo "1342"]
[BlackElo "1501"]
[PlyCount "53"]
[EventDate "2024.02.24"]

1. e4 d6 2. d4 Nf6 3. Bd3 g6 4. Nf3 Bg4 5. h3 Bxf3 6. Qxf3 c6 7. O-O Bg7 8. c3
e5 9. Bg5 Nbd7 10. Nd2 O-O 11. Rad1 exd4 12. cxd4 Qb6 13. Nc4 Qc7 14. Bf4 Ne8
15. Qg3 Bxd4 16. Bc2 Be5 17. Nxe5 dxe5 18. Bh6 Ng7 19. f4 exf4 20. Bxf4 Qb6+
21. Be3 Qxb2 22. Bb3 Qe5 23. Bf4 Qc5+ 24. Kh1 Nh5 25. Qf3 Nxf4 26. Rxd7 Ne6 27.
Rxf7 1-0

[Event "55smm B Arci3-Klausen2"]
[Site "?"]
[Date "2024.02.24"]
[Round "8.5"]
[White "Steger, Andreas"]
[Black "Terletskyi, Oleh Mycola"]
[Result "0-1"]
[WhiteElo "1477"]
[BlackElo "1270"]
[PlyCount "72"]
[EventDate "2024.02.24"]

1. d4 Nf6 2. Nf3 g6 3. e3 Bg7 4. c4 d6 5. Be2 Bg4 6. h3 Bxf3 7. Bxf3 Nc6 8. O-O
Qd7 9. Nc3 Rd8 10. b4 a6 11. b5 axb5 12. Nxb5 e5 13. Bb2 e4 14. Be2 Ne7 15. Qb3
c6 16. Nc3 d5 17. cxd5 cxd5 18. Bb5 Nc6 19. Ba3 Nh5 20. Bc5 Qe6 21. Bb6 Rd7 22.
Qa3 f5 23. f4 exf3 24. Rxf3 Kf7 25. Raf1 Re8 26. Na4 Rde7 27. Bc5 Rc7 28. Kh2
Kg8 29. Bb6 Rd7 30. Nc5 Qd6+ 31. Kg1 Rde7 32. Bxc6 Qxc6 33. Rb1 f4 34. Kf2
fxe3+ 35. Ke2 Bxd4 36. Na4 Qc2+ 0-1

[Event "55smm B Groeden2-Merania"]
[Site "?"]
[Date "2024.02.24"]
[Round "8.2"]
[White "Alam, Syed Mahbubul"]
[Black "Zuev, Mikhail"]
[Result "1/2-1/2"]
[WhiteElo "1935"]
[BlackElo "1774"]
[PlyCount "118"]
[EventDate "2024.02.24"]

1. e4 c6 2. d4 d5 3. exd5 cxd5 4. Nf3 Nf6 5. Bd3 Nc6 6. c3 Bg4 7. h3 Bh5 8. O-O
e6 9. Re1 Bd6 10. Nbd2 O-O 11. Nf1 Bxf3 12. Qxf3 e5 13. dxe5 Nxe5 14. Qd1 Nxd3
15. Qxd3 Ne4 16. Ne3 Bc5 17. b4 Bb6 18. a4 a5 19. bxa5 Bxa5 20. Ba3 Bxc3 21.
Bxf8 Bxe1 22. Rxe1 Qxf8 23. Nxd5 Nc5 24. Qb5 Ne6 25. Qxb7 Rxa4 26. Nb6 Rd4 27.
Nd7 Qd8 28. Ne5 Qf8 29. Ra1 Nc5 30. Qf3 Ra4 31. Rb1 Ra8 32. Nxf7 Re8 33. Qd5
Qxf7 34. Qxc5 h6 35. Ra1 Rf8 36. Ra7 Qf6 37. Qe3 Qf5 38. Re7 Qh5 39. f4 Qf5 40.
Re8 Rxe8 41. Qxe8+ Kh7 42. Qe3 g5 43. fxg5 hxg5 44. Kh2 Kg6 45. Qb6+ Kg7 46.
Qd6 Kh7 47. Kg3 Kg7 48. h4 gxh4+ 49. Kxh4 Qe4+ 50. Kh3 Qf5+ 51. Kg3 Qg5+ 52.
Kf3 Qh5+ 53. Kf2 Qf5+ 54. Kg1 Qb1+ 55. Kh2 Qh7+ 56. Kg3 Qe4 57. Qf4 Qe1+ 58.
Kg4 Qd1+ 59. Kg5 Qd5+ 1/2-1/2

[Event "55smm B Groeden2-Merania"]
[Site "?"]
[Date "2024.02.24"]
[Round "8.4"]
[White "Scola, Matteo"]
[Black "Kaserer, Hanspeter"]
[Result "1-0"]
[WhiteElo "1633"]
[BlackElo "1674"]
[PlyCount "81"]
[EventDate "2024.02.24"]

1. d4 Nf6 2. c4 c5 3. d5 b5 4. a4 bxc4 5. Nc3 g6 6. e4 d6 7. Bxc4 a6 8. Nf3
Nbd7 9. a5 Bg7 10. h3 O-O 11. Be3 Qc7 12. O-O Rb8 13. Qc2 Ne8 14. Rfb1 Rb4 15.
Na2 Rb8 16. Bd2 Qb7 17. Bc3 Qc7 18. Qd3 Ne5 19. Nxe5 dxe5 20. Bxa6 Bxa6 21.
Qxa6 Nd6 22. Qe2 Rb3 23. Nc1 Rb7 24. a6 Ra7 25. Ba5 Qb8 26. b4 cxb4 27. Rxb4
Qc8 28. Bb6 Qc3 29. Qb2 Qe1+ 30. Kh2 Raa8 31. Nd3 Qxa1 32. Qxa1 Rfc8 33. f3 f5
34. Nc5 fxe4 35. fxe4 Rf8 36. Ne6 Rf6 37. a7 Nc8 38. Bc5 Bh6 39. Rb8 Bf4+ 40.
Nxf4 exf4 41. Rxa8 1-0

[Event "55smm B Naturns-Taufers"]
[Site "?"]
[Date "2024.02.24"]
[Round "8.1"]
[White "Holzer, Philipp"]
[Black "Unterthurner, Hans"]
[Result "1/2-1/2"]
[WhiteElo "1859"]
[BlackElo "1905"]
[PlyCount "53"]
[EventDate "2024.02.24"]

{[%evp 0,53,19,38,48,38,36,33,41,-4,33,4,29,30,88,54,103,54,39,26,28,38,20,3,
38,7,64,48,66,86,68,56,49,45,46,62,62,52,28,24,25,19,22,2 ,31,-13,64,-44,1,-44,
-4,-48,3,-11,-8,-6]} 1. e4 e6 2. d4 d5 3. Nd2 c5 4. exd5 exd5 5. Bb5+ Nc6 6.
Ngf3 Bd6 7. dxc5 Bxc5 8. Nb3 Bd6 9. O-O Nge7 10. Re1 O-O 11. Bg5 Qc7 12. c3 Bf5
13. Bd3 Bg6 14. Bxg6 hxg6 15. Nbd4 a6 16. Qd3 Rfe8 17. Rad1 Rad8 18. g3 Qd7 19.
Kg2 f6 20. Bc1 Ne5 21. Qc2 Bb8 22. b4 N7c6 23. Re2 Ba7 24. h3 Qf7 25. a3 Nxf3
26. Rxe8+ Rxe8 27. Nxf3 1/2-1/2

[Event "55smm B Naturns-Taufers"]
[Site "?"]
[Date "2024.02.24"]
[Round "8.2"]
[White "Gurschler, Gregor"]
[Black "Balzarini, Franco"]
[Result "0-1"]
[WhiteElo "1768"]
[BlackElo "1830"]
[PlyCount "65"]
[EventDate "2024.02.24"]

{[%evp 0,65,28,28,46,51,40,28,22,27,17,-15,45,-14,18,-37,-38,-38,-30,-28,-21,
-4,-8,-22,-60,-38,-71,-56,-40,-85,-86,-93,-72,-77,-98,-86 ,-93,-107,-112,-122,
-113,-109,-94,-78,-86,-106,-103,-99,-129,-133,-92,-109,-83,-136,-64,-68,-60,
-135,-90,-130,-128,-163,-184,-1 25,-120,-262,-268,-292]} 1. e4 c5 2. Nc3 Nc6 3.
f4 e6 4. Nf3 a6 5. a4 Qc7 6. e5 d5 7. d4 cxd4 8. Nxd4 Bb4 9. Nxc6 bxc6 10. Bd2
Ne7 11. Bd3 c5 12. O-O c4 13. Be2 Nf5 14. Na2 Bxd2 15. Qxd2 Qb6+ 16. Kh1 Qxb2
17. Nc3 Qb6 18. a5 Qd4 19. Rfd1 Qxd2 20. Rxd2 Bd7 21. Rb1 O-O 22. g4 Ne7 23.
Rb7 Rfd8 24. Rd1 Kf8 25. Bf3 Ng6 26. Ne2 Nh4 27. Bg2 Ba4 28. Rb2 Ng6 29. Kg1
Rab8 30. Rdb1 Rxb2 31. Rxb2 d4 32. Be4 d3 33. Nc3 0-1

[Event "55smm B Naturns-Taufers"]
[Site "?"]
[Date "2024.02.24"]
[Round "8.3"]
[White "Forer, Erich"]
[Black "Naegele, Raimund"]
[Result "1-0"]
[WhiteElo "1787"]
[BlackElo "1645"]
[PlyCount "41"]
[EventDate "2024.02.24"]

{[%evp 0,41,31,31,36,29,29,26,15,18,12,9,49,17,12,10,16,5,6,-26,11,-47,27,0,-2,
-55,-69,-63,-63,-55,-89,-62,-65,-77,-62,-82,-43,-91,-77 ,-97,287,307,886,892]} 
1. d4 Nf6 2. Nf3 e6 3. Bg5 Be7 4. Nbd2 d5 5. e3 b6 6. Ne5 O-O 7. Bd3 Bb7 8. Qf3
Nbd7 9. c3 c5 10. a4 Re8 11. a5 bxa5 12. Bb5 Nxe5 13. dxe5 Nd7 14. Bf4 Qc7 15.
O-O Reb8 16. Qg3 Bc8 17. c4 dxc4 18. Bxc4 Rxb2 19. Ne4 Rb4 20. Nf6+ Kh8 21. Ne8
1-0

[Event "55smm B Tramin/Kaltern-Ridnaun"]
[Site "?"]
[Date "2024.02.24"]
[Round "8.2"]
[White "Unterkofler, Alex"]
[Black "Sparber, Werner"]
[Result "1-0"]
[WhiteElo "1756"]
[BlackElo "1645"]
[PlyCount "75"]
[EventDate "2024.02.24"]

1. e4 e5 2. f4 d5 3. exd5 e4 4. d3 Nf6 5. dxe4 Nxe4 6. Nf3 Bc5 7. Bd3 f5 8.
Bxe4 fxe4 9. Ng5 O-O 10. Nc3 e3 11. Qd3 Bf5 12. Qc4 Na6 13. d6+ Kh8 14. Nf7+
Rxf7 15. Qxf7 Bg6 16. Qc4 Qxd6 17. a3 Rf8 18. Ne2 Qc6 19. O-O Be4 20. Nd4 Qg6
21. g3 b5 22. Qc3 e2 23. Re1 Rd8 24. Be3 Qb6 25. Rxe2 Rxd4 26. b4 Rc4 27. bxc5
Nxc5 28. Qe5 h6 29. Bd4 Qg6 30. Bxc5 Kh7 31. Bd4 Bxc2 32. Rc1 Bd3 33. Ree1 a5
34. Rxc4 Bxc4 35. Qxc7 a4 36. Bxg7 Bf7 37. Bc3 h5 38. Qd8 1-0

[Event "55smm B Tramin/Kaltern-Ridnaun"]
[Site "?"]
[Date "2024.02.24"]
[Round "8.5"]
[White "Gasteiger, Josef"]
[Black "Leimgruber, Erich"]
[Result "1/2-1/2"]
[WhiteElo "1384"]
[BlackElo "1574"]
[PlyCount "53"]
[EventDate "2024.02.24"]

1. c4 Nf6 2. g3 d5 3. cxd5 Nxd5 4. Bg2 e6 5. e3 Be7 6. Ne2 O-O 7. Nbc3 Nxc3 8.
bxc3 Qd3 9. O-O e5 10. Re1 Nc6 11. a4 Na5 12. Ba3 Bxa3 13. Rxa3 Rd8 14. Ra2 Be6
15. Nc1 Qb1 16. Rc2 Qa1 17. d3 Qxa4 18. Qe2 c6 19. c4 b5 20. Ra2 Qb4 21. Rb2
Qc5 22. cxb5 Bd5 23. Bxd5 cxd5 24. Na2 Rab8 25. Rc1 Qd6 26. Qd2 Qb6 27. Nc3
1/2-1/2

[Event "55smm A Arci-Groeden"]
[Site "?"]
[Date "2024.??.??"]
[Round "?"]
[White "Moroder, Stephan"]
[Black "Seresin, Francesco"]
[Result "1/2-1/2"]
[WhiteElo "2155"]
[BlackElo "2321"]
[PlyCount "135"]
[EventDate "2024.03.09"]

1. e4 c6 2. d4 d5 3. e5 c5 4. dxc5 e6 5. Nf3 Bxc5 6. a3 f6 7. b4 Be7 8. Bb2 a5
9. b5 Nd7 10. Bd3 Nh6 11. O-O Nf7 12. exf6 Bxf6 13. Bxf6 Qxf6 14. Nbd2 e5 15.
c4 e4 16. Bxe4 dxe4 17. Nxe4 Qh6 18. Nd4 O-O 19. Nf5 Qf4 20. Neg3 Nf6 21. Ne7+
Kh8 22. Nh5 Nxh5 23. Qxh5 Qg4 24. Qxg4 Bxg4 25. Rfe1 Nd6 26. a4 b6 27. f3 Bh5
28. Rac1 Rfe8 29. c5 bxc5 30. Rxc5 Bf7 31. Kf2 Nc4 32. Rc7 Nb6 33. Re4 Bb3 34.
Rh4 Nd5 35. Nxd5 Bxd5 36. Rd4 Red8 37. b6 Kg8 38. b7 Rab8 39. Rc8 Rdxc8 40.
bxc8=Q+ Rxc8 41. Rxd5 Rc2+ 42. Kg3 Ra2 43. Rxa5 Kf7 44. Ra7+ Kf6 45. h4 h5 46.
a5 g6 47. a6 Ra4 48. Ra8 Kg7 49. Ra7+ Kf6 50. Ra8 Kg7 51. Kh3 Ra3 52. Kh2 Ra2
53. Kg1 Ra4 54. Ra7+ Kf6 55. Ra8 Kg7 56. Kf2 Rxh4 57. Rb8 Ra4 58. Rb7+ Kf6 59.
a7 Ra3 60. Rh7 h4 61. Rxh4 Rxa7 62. Re4 Ra2+ 63. Kg3 Rb2 64. Ra4 Rc2 65. Ra5
Rb2 66. Kh3 Rf2 67. Ra3 Kf5 68. g3 1/2-1/2

[Event "55smm A Arci-Groeden"]
[Site "?"]
[Date "2024.03.09"]
[Round "9.2"]
[White "Olivetti, Davide"]
[Black "Casadio, Niccolo"]
[Result "1/2-1/2"]
[WhiteElo "2128"]
[BlackElo "2107"]
[PlyCount "69"]
[EventDate "2024.03.09"]

{[%evp 0,69,39,33,46,58,80,81,80,49,49,39,48,43,107,10,16,1,12,15,15,-10,-10,
-1,-7,-15,-24,-70,-74,-75,-75,-117,-59,-92,-92,-92,-40,-3 56,-348,-347,-347,
-340,-112,-229,-138,-142,-149,-168,-138,-152,-145,-425,-435,-379,-309,-345,
-386,-471,-520,-518,-509,-688,-772 ,-795,0,0,0,0,0,0,0,0]} 1. e4 c5 2. Nf3 d6
3. d4 cxd4 4. Nxd4 Nf6 5. Nc3 a6 6. Bg5 e6 7. f4 Qb6 8. Qd2 Qxb2 9. Rb1 Qa3 10.
Be2 Nbd7 11. O-O Qc5 12. Kh1 Be7 13. e5 dxe5 14. fxe5 Qxe5 15. Rf3 Bc5 16. Nb3
Bb4 17. Bf4 Bxc3 18. Qd3 Qe4 19. Qxc3 Qxe2 20. Bd6 b5 21. Na5 Qe4 22. Re1 Qh4
23. Ref1 Rg8 24. Qc7 Qd4 25. Bb4 Qb6 26. Qg3 Bb7 27. Nxb7 Qxb7 28. Qd6 Nb6 29.
Re3 Nbd5 30. Rxf6 gxf6 31. Rg3 Rxg3 32. Qf8+ Kd7 33. Qd6+ Kc8 34. Qf8+ Kc7 35.
Qd6+ 1/2-1/2

[Event "55smm A Arci-Groeden"]
[Site "?"]
[Date "2024.03.09"]
[Round "9.3"]
[White "Demetz, Rainer"]
[Black "Perino, Alberto"]
[Result "1/2-1/2"]
[WhiteElo "2201"]
[BlackElo "1927"]
[PlyCount "99"]
[EventDate "2024.03.09"]

{[%evp 0,99,25,12,47,38,49,30,13,24,11,-11,-11,-56,-24,0,40,7,10,5,-2,-10,8,20,
23,18,8,34,30,3,4,-18,37,17,23,11,11,-2,-8,-3,-3,-2,11, 2,35,-1,2,-13,-18,-4,
-21,-21,-34,-27,-45,-46,8,2,7,10,25,-11,-23,-5,-9,-11,-11,-11,-8,-5,-7,-7,45,4,
8,30,29,-7,-7,-1,43,36,56,5 0,95,95,48,24,0,0,0,-1,0,-3,-78,-54,-3,-4,-1,-1,-1,
-1]} 1. e4 e6 2. d4 d5 3. exd5 exd5 4. Bd3 Nc6 5. c3 Bd6 6. Qf3 Be6 7. Ne2 Qf6
8. Nd2 O-O-O 9. Qxf6 Nxf6 10. Nf3 Ne4 11. Nf4 Rde8 12. O-O Bxf4 13. Bxf4 f6 14.
Rfe1 g5 15. Bg3 Bg4 16. Bxe4 dxe4 17. Nd2 f5 18. f3 exf3 19. gxf3 Bh5 20. d5
Rd8 21. c4 Rhg8 22. Be5 Nb4 23. Bf6 Nc2 24. Bxd8 Rxd8 25. Rac1 Nxe1 26. Rxe1 c6
27. Re5 cxd5 28. Rxf5 dxc4 29. Nxc4 h6 30. h4 Rd4 31. hxg5 Rxc4 32. gxh6 Bg6
33. h7 Bxh7 34. Rf8+ Kc7 35. Rf7+ Kb6 36. Rxh7 Rc1+ 37. Kf2 Rc2+ 38. Ke3 Rxb2
39. Rh6+ Ka5 40. f4 Rxa2 41. f5 b5 42. f6 Rc2 43. f7 Rc8 44. Rc6 Rf8 45. Rc7 a6
46. Kd3 Kb4 47. Kc2 Rh8 48. Kb2 a5 49. Rc2 Rf8 50. Rf2 1/2-1/2

[Event "55smm A Arci-Groeden"]
[Site "?"]
[Date "2024.03.09"]
[Round "9.4"]
[White "Moroder, Thomas"]
[Black "De Vita, Gianni"]
[Result "1-0"]
[WhiteElo "2012"]
[BlackElo "1936"]
[PlyCount "49"]
[EventDate "2024.03.09"]

1. e4 c5 2. Nf3 Nc6 3. Bb5 e6 4. c3 Nge7 5. d4 cxd4 6. cxd4 d5 7. e5 a6 8. Bd3
Ng6 9. Nc3 Be7 10. h4 f5 11. a3 b5 12. b4 Qc7 13. Bd2 Bb7 14. Rc1 Qb6 15. Be3
Rc8 16. g3 Nxb4 17. axb4 Bxb4 18. Bd2 O-O 19. O-O Rc7 20. Qb3 Bxc3 21. Rxc3
Rfc8 22. Rxc7 Rxc7 23. Qa3 Rc8 24. Bb4 Qd8 25. Ng5 1-0

[Event "55smm A Arci-Groeden"]
[Site "?"]
[Date "2024.03.09"]
[Round "9.4"]
[White "Zammarchi, Massimo"]
[Black "Bernardi, Ruben"]
[Result "1-0"]
[WhiteElo "1934"]
[BlackElo "2042"]
[PlyCount "63"]
[EventDate "2024.03.09"]

1. e4 e6 2. d4 d5 3. e5 c5 4. c3 Nc6 5. Nf3 Bd7 6. Be2 Nh6 7. a3 Rc8 8. b4 cxd4
9. cxd4 Nf5 10. O-O a6 11. Bb2 b5 12. Nbd2 h5 13. Nb3 g5 14. Bd3 g4 15. Ne1 Qg5
16. Bc1 Qg6 17. Bf4 f6 18. Nc2 fxe5 19. dxe5 Qf7 20. Qd2 Bg7 21. Bxf5 Qxf5 22.
Nc5 Rf8 23. Bg3 h4 24. Bxh4 Bxe5 25. Bg3 Bxa1 26. Rxa1 Ne5 27. Ne3 Qg5 28. Re1
Rg8 29. Bxe5 Qxe5 30. Nxd5 Qf5 31. Nf6+ Qxf6 32. Qxd7+ 1-0

[Event "55smm A Arci-Groeden"]
[Site "?"]
[Date "2024.03.09"]
[Round "9.6"]
[White "Giacomazzi, Anna"]
[Black "Grossi, Christian"]
[Result "0-1"]
[WhiteElo "1214"]
[BlackElo "1905"]
[PlyCount "58"]
[EventDate "2024.03.09"]

1. e4 g6 2. Nf3 Bg7 3. Bc4 d6 4. h3 Nf6 5. Nc3 O-O 6. O-O a6 7. d3 b5 8. Bb3
Nbd7 9. Be3 Bb7 10. Qd2 c5 11. a3 Rc8 12. Bh6 c4 13. Ba2 Qc7 14. Bxg7 Kxg7 15.
Rfe1 Ne5 16. Nxe5 dxe5 17. Rac1 Rfd8 18. Re3 Qc6 19. Ne2 Nxe4 20. Qe1 cxd3 21.
cxd3 Nc3 22. Qf1 Nxe2+ 23. Rxe2 Qxc1 24. Qxc1 Rxc1+ 25. Kh2 Bd5 26. Bxd5 Rxd5
27. Rd2 e4 28. h4 exd3 29. Kg3 Rc2 0-1

[Event "55smm A Richter/Lask-Ehrenburg"]
[Site "?"]
[Date "2024.03.09"]
[Round "9.1"]
[White "Wohlfahrt, Herbert"]
[Black "Pangrazzi, Marco"]
[Result "0-1"]
[WhiteElo "2329"]
[BlackElo "2154"]
[PlyCount "101"]
[EventDate "2024.03.09"]

{[%evp 0,101,16,24,56,37,37,32,32,13,44,38,38,45,80,52,78,44,26,4,50,7,66,18,
71,44,59,22,89,53,102,35,43,36,53,42,42,23,29,-41,-45,-45 ,-32,-61,-20,-29,-12,
-27,-6,-19,-19,-17,6,-39,-39,-59,-54,-41,-39,-56,-32,-34,-21,-45,-44,-59,-44,
-66,41,-84,36,-57,-50,-6,-2,0 ,-8,-25,122,207,207,-204,-217,-272,-311,-353,
-289,-403,-470,-470,-479,-486,-434,-948,-435,-614,-663,-904,-748,-1019,-1041,
-2999 3,-29994,-29995]} 1. Nf3 g6 2. c4 Bg7 3. Nc3 Nf6 4. e4 d6 5. d4 O-O 6.
Be2 c6 7. O-O Nbd7 8. Re1 e5 9. h3 Qe7 10. Bf1 Nb6 11. b3 Rd8 12. Ba3 Qc7 13.
Qc2 Nh5 14. Rad1 Be6 15. c5 dxc5 16. dxc5 Nd7 17. Ng5 Nf8 18. Na4 Qe7 19. Nxe6
Nxe6 20. Nb2 b5 21. Rd6 a5 22. Nd3 Nd4 23. Qc1 Bf8 24. Rxd8 Rxd8 25. Bb2 Ng7
26. Qc3 Qc7 27. Bc1 Nge6 28. Bd2 Ra8 29. Be3 f6 30. a4 Kg7 31. Rd1 Be7 32. Kh1
Rb8 33. Ra1 Rd8 34. g3 Qd7 35. Rc1 Qc7 36. h4 h5 37. f4 exf4 38. Nxf4 Kf7 39.
axb5 cxb5 40. Nd5 Qxg3 41. Bxd4 Qxh4+ 42. Kg1 Nxd4 43. Qxd4 Qg5+ 44. Kh2 Qxc1
45. Bxb5 Qxc5 46. Qd3 f5 47. Qf1 Kg7 48. Qb1 Kh6 49. Nxe7 Qf2+ 50. Kh3 Qf3+ 51.
Kh2 0-1